00251 a2200109 4500001000700000020000600007040001100013100002500024240004400049245003900093362000900132168387 a  cMagnum aDiaz Bordenave, Juan10aEstrategias de ensino-aprendizagemlpor10aEstrategias de ensino-aprendizagem0 a1899